| 000 | 00946nam a22002655a 4500 | ||
|---|---|---|---|
| 003 | OSt | ||
| 005 | 20160908133405.0 | ||
| 008 | 160908s2012 ua frb 000 0 ara d | ||
| 015 | _a2011/17933 | ||
| 020 | _a9991027395 | ||
| 040 |
_aEG-ScBUE _bara _cEG-ScBUE |
||
| 043 | _af-ua--- | ||
| 082 | 0 | 4 |
_a347.6205 _bأ ب و _222 |
| 100 | 1 |
_aأبو الوفا، أحمد. _941066 |
|
| 245 | 1 | 0 |
_aنظرية الدفوع في قانون المرافعات / _cأحمد أبو الوفا. |
| 260 |
_aالقاهرة : _bدار الفكر العربي، _c2012. |
||
| 300 |
_a811 ص. ؛ _c24 سم. |
||
| 500 | _aيشتمل على ملاحق. | ||
| 504 | _aيشتمل على إرجاعات ببليوجرافية. | ||
| 650 | 7 |
_aالدفاع عن المتهم (إجراءات مدنية) _zمصر. _2BUEsh _941094 |
|
| 650 | 7 |
_aقانون المرافعات _zمصر. _2BUEsh _920382 |
|
| 651 | _2BUEsh | ||
| 653 |
_bLLAAWW _cSeptember2016 |
||
| 942 | _2ddc | ||
| 999 |
_c22350 _d22322 |
||